[Event "WchT Seniors 50"]
[Site "Struga"]
[Date "2023.09.26"]
[Round "7.3"]
[White "Arkell, Keith C"]
[Black "Clark, Gary M"]
[Result "1/2-1/2"]
[WhiteElo "2352"]
[BlackElo "2278"]
[PlyCount "81"]
[EventDate "2023.09.19"]
[EventType "team-swiss"]
[EventRounds "9"]
[EventCountry "MKD"]
[SourceTitle "EXT 2024"]
[Source "ChessBase"]
[SourceDate "2023.10.10"]
[SourceVersion "1"]
[SourceVersionDate "2023.10.10"]
[SourceQuality "1"]
[WhiteTeam "England 50"]
[BlackTeam "England 50 II"]
[WhiteTeamCountry "ENG"]
[BlackTeamCountry "ENG"]

1. d4 Nf6 2. Nf3 g6 3. c4 Bg7 4. Nc3 d5 5. cxd5 Nxd5 6. g3 0-0 7. Bg2 Nxc3 8. bxc3 c5 9. 0-0 Nc6 10. e3 Be6 11. Qe2 Qa5 12. Ng5 Bd7 13. Ne4 b6 14. Rd1 cxd4 15. cxd4 Rac8 16. Bd2 Qa3 17. Rdb1 Be6 18. Qb5 Rfd8 19. Ng5 Bd7 20. Qb3 Qxb3 21. axb3 h6 22. Nf3 Bf5 23. Rc1 Be4 24. b4 e5 25. b5 Na5 26. Rxc8 Rxc8 27. Bxa5 bxa5 28. dxe5 Bxf3 29. Bxf3 Bxe5 30. Rxa5 Rc1+ 31. Kg2 Ra1 32. Rxa1 Bxa1 33. Bd5 h5 34. f4 Kf8 35. Kf3 Ke7 36. Ke4 Bc3 37. Bb7 f5+ 38. Kd3 Ba5 39. h3 Kf6 40. Bc8 Bc7 41. Bd7 1/2-1/2

[Event "WchT Seniors 50"]
[Site "Struga"]
[Date "2023.09.23"]
[Round "5.3"]
[White "Clark, Gary M"]
[Black "Hewson, Brian Wr"]
[Result "1/2-1/2"]
[WhiteElo "2278"]
[BlackElo "2023"]
[PlyCount "32"]
[EventDate "2023.09.19"]
[EventType "team-swiss"]
[EventRounds "9"]
[EventCountry "MKD"]
[SourceTitle "EXT 2024"]
[Source "ChessBase"]
[SourceDate "2023.10.10"]
[SourceVersion "1"]
[SourceVersionDate "2023.10.10"]
[SourceQuality "1"]
[WhiteTeam "England 50 II"]
[BlackTeam "England 50 III"]
[WhiteTeamCountry "ENG"]
[BlackTeamCountry "ENG"]

1. d4 Nf6 2. c4 e6 3. g3 c5 4. d5 exd5 5. cxd5 d6 6. Nc3 g6 7. Bg2 Bg7 8. Nf3 0-0 9. 0-0 a6 10. a4 Nbd7 11. h3 Rb8 12. Bf4 Qc7 13. a5 Re8 14. Qc2 b5 15. axb6 Nxb6 16. Nd2 Nh5 1/2-1/2

[Event "EU-ch Seniors 50 18th"]
[Site "Drammen"]
[Date "2018.08.07"]
[Round "4"]
[White "Clark, Gary M"]
[Black "Agdestein, Simen"]
[Result "0-1"]
[WhiteElo "2285"]
[BlackElo "2576"]
[PlyCount "116"]
[EventDate "2018.08.04"]
[EventType "swiss"]
[EventRounds "9"]
[EventCountry "NOR"]
[SourceTitle "CBM 185 Extra"]
[Source "ChessBase"]
[SourceDate "2018.07.29"]
[SourceVersion "1"]
[SourceVersionDate "2018.07.29"]
[SourceQuality "1"]

1. d4 f5 2. c4 e6 3. g3 Nf6 4. Bg2 d5 5. Nh3 g6 6. Nd2 Bg7 7. Nf3 Nc6 8. cxd5 Nxd5 9. 0-0 0-0 10. Bg5 Qd7 11. Qd2 Nf6 12. Bxf6 Bxf6 13. Rfd1 Rd8 14. Qc2 Qe7 15. Nf4 g5 16. Nh5 Bh8 17. h3 Bd7 18. e3 Be8 19. g4 Bg6 20. Qb3 Rab8 21. Rac1 Bf7 22. Qc2 Bxh5 23. gxh5 Bf6 24. Qc4 Kh8 25. b3 Qf7 26. Nh2 Rd6 27. Qe2 Nb4 28. Qc4 Nc6 29. Qe2 Nb4 30. Qc4 Na6 31. Qe2 Qd7 32. Nf3 Rd8 33. Re1 Nb4 34. a3 Nd5 35. Ne5 Qe7 36. Qc4 Bxe5 37. dxe5 Rc6 38. Qb5 Rxc1 39. Rxc1 c6 40. Qc5 Qxc5 41. Rxc5 Nb6 42. Rc3 Kg7 43. Bf3 Rd2 44. b4 Nd7 45. b5 Nxe5 46. Kg2 Nd3 47. Be2 Ne5 48. Bf3 Rd6 49. bxc6 bxc6 50. Rc5 Kf6 51. Ra5 Rd7 52. Ra6 c5 53. Be2 c4 54. f4 gxf4 55. exf4 Nd3 56. Kf3 Rd4 57. Ke3 Re4+ 58. Kd2 Nxf4 0-1

[Event "4NCL 9495 2nd Season"]
[Site "England"]
[Date "1995.02.18"]
[Round "7.3"]
[White "Clark, Gary M"]
[Black "James, David J"]
[Result "1/2-1/2"]
[WhiteElo "2285"]
[BlackElo "2250"]
[PlyCount "24"]
[EventDate "1994.10.01"]
[EventType "team-tourn"]
[EventRounds "11"]
[EventCountry "GBR"]
[SourceTitle "EXT 2022"]
[Source "ChessBase"]
[SourceDate "2021.10.06"]
[SourceVersion "1"]
[SourceVersionDate "2021.10.06"]
[SourceQuality "1"]
[WhiteTeam "Invicta Knights Maidstone"]
[BlackTeam "South Wales Dragons"]
[WhiteTeamCountry "ENG"]
[BlackTeamCountry "WLS"]

1. d4 Nf6 2. c4 e6 3. Nc3 Bb4 4. e3 0-0 5. Nge2 d5 6. cxd5 exd5 7. a3 Be7 8. b4 c6 9. Ng3 a5 10. b5 c5 11. Bd3 Bg4 12. f3 Be6 1/2-1/2